000 00608nam a22002177a 4500
003 UA-OsUOA
001 68893
007 ta
008 20100525b un ||||| |||| 00| 0 ukr d
100 _aМовчун А.
090 _a82
_bМ74
942 _cSA
040 _aUA-OsUOA
_bukr
_cUA-OsUOA
_dUA-OsUOA
245 _aВартовий рідного слова. До 100-річчя із дня смерті Бориса Грінченка
300 _aС.8
955 _a0
041 _aukr
080 _a82
773 0 _w68890
650 7 _a82 Література. Літературознавство
_2UDC
999 _c355166
_d355166